[Event "Russian Rapid Team Championship (m)"]
[Site "Sochi"]
[Date "2022.10.18"]
[Round "5.5"]
[White "Zakhartsov, Vladimir"]
[Black "Artemiev, Vladislav"]
[Result "0-1"]
[BlackElo "2710"]
[WhiteElo "2435"]
[LiveChessVersion "1.4.8"]

1. e4 {[%clk 0:15:18]} c6 {[%clk 0:14:58]} 2. Nf3 {[%clk 0:15:26]} d5
{[%clk 0:15:06]} 3. Nc3 {[%clk 0:15:36]} dxe4 {[%clk 0:14:03]} 4. Nxe4
{[%clk 0:15:44]} Nf6 {[%clk 0:14:08]} 5. Nxf6+ {[%clk 0:15:52]} exf6
{[%clk 0:14:15]} 6. Bc4 {[%clk 0:16:01]} Bd6 {[%clk 0:14:05]} 7. Qe2+
{[%clk 0:16:09]} Qe7 {[%clk 0:13:56]} 8. d4 {[%clk 0:16:16]} Be6 {[%clk 0:13:41]}
9. O-O {[%clk 0:15:10]} O-O {[%clk 0:13:13]} 10. Bxe6 {[%clk 0:14:51]} fxe6
{[%clk 0:13:05]} 11. Re1 {[%clk 0:14:57]} Re8 {[%clk 0:13:13]} 12. c4
{[%clk 0:15:02]} Nd7 {[%clk 0:12:14]} 13. Qe4 {[%clk 0:14:34]} e5
{[%clk 0:10:33]} 14. Bd2 {[%clk 0:14:32]} Qf7 {[%clk 0:10:25]} 15. Qc2
{[%clk 0:13:44]} e4 {[%clk 0:08:51]} 16. Rxe4 {[%clk 0:12:57]} Rxe4
{[%clk 0:09:00]} 17. Qxe4 {[%clk 0:13:06]} Qxc4 {[%clk 0:09:08]} 18. b3
{[%clk 0:12:13]} Qf7 {[%clk 0:09:16]} 19. Re1 {[%clk 0:12:22]} Nb6
{[%clk 0:09:08]} 20. Nh4 {[%clk 0:11:53]} g6 {[%clk 0:08:44]} 21. Bh6
{[%clk 0:11:53]} Nd5 {[%clk 0:07:56]} 22. Nf3 {[%clk 0:11:34]} Qd7
{[%clk 0:05:02]} 23. Bd2 {[%clk 0:10:14]} Kg7 {[%clk 0:04:26]} 24. h4
{[%clk 0:07:40]} h5 {[%clk 0:04:34]} 25. g3 {[%clk 0:07:17]} Rf8 {[%clk 0:03:46]}
26. Kg2 {[%clk 0:07:11]} Rf7 {[%clk 0:03:40]} 27. Qe8 {[%clk 0:06:42]} Qxe8
{[%clk 0:03:24]} 28. Rxe8 {[%clk 0:06:51]} Re7 {[%clk 0:03:23]} 29. Rxe7+
{[%clk 0:05:34]} Nxe7 {[%clk 0:03:16]} 30. Kf1 {[%clk 0:05:32]} Kf7
{[%clk 0:03:25]} 31. Ke2 {[%clk 0:05:40]} Ke6 {[%clk 0:03:34]} 32. Ne1
{[%clk 0:05:29]} Kf5 {[%clk 0:02:59]} 33. Kf3 {[%clk 0:04:51]} g5
{[%clk 0:02:45]} 34. Ng2 {[%clk 0:04:54]} Nd5 {[%clk 0:02:42]} 35. Ke2
{[%clk 0:01:43]} Bc7 {[%clk 0:00:39]} 36. Kd3 {[%clk 0:01:20]} Kg4
{[%clk 0:00:36]} 37. Ke2 {[%clk 0:01:27]} Bb6 {[%clk 0:00:27]} 38. hxg5
{[%clk 0:01:18]} fxg5 {[%clk 0:00:36]} 39. Ne1 {[%clk 0:01:27]} Bxd4
{[%clk 0:00:29]} 40. Bxg5 {[%clk 0:01:29]} Nc3+ {[%clk 0:00:29]} 41. Kf1
{[%clk 0:01:22]} Bxf2 {[%clk 0:00:38]} 42. Kxf2 {[%clk 0:00:32]} Kxg5
{[%clk 0:00:46]} 43. a3 {[%clk 0:00:14]} Kg4 {[%clk 0:00:51]} 44. Nd3
{[%clk 0:00:14]} Ne4+ {[%clk 0:00:56]} 45. Kg2 {[%clk 0:00:14]} Nxg3
{[%clk 0:01:04]} 46. Ne5+ {[%clk 0:00:16]} Kf5 {[%clk 0:01:13]} 47. Nc4
{[%clk 0:00:13]} Ne4 {[%clk 0:01:21]} 48. Kf3 {[%clk 0:00:16]} b6
{[%clk 0:00:46]} 49. b4 {[%clk 0:00:16]} Nc3 {[%clk 0:00:39]} 50. Nd6+
{[%clk 0:00:19]} Ke6 {[%clk 0:00:48]} 51. Ne4 {[%clk 0:00:13]} Ke5 0-1

[Event "Russian Rapid Team Championship (m)"]
[Site "Sochi"]
[Date "2022.10.18"]
[Round "5.6"]
[White "Sjugirov, Sanan"]
[Black "Zakhartsov, Viacheslav V."]
[Result "1/2-1/2"]
[BlackElo "2414"]
[WhiteElo "2609"]
[LiveChessVersion "1.4.8"]

1. e4 {[%clk 0:15:18]} c5 {[%clk 0:15:18]} 2. Nf3 {[%clk 0:15:26]} d6
{[%clk 0:15:26]} 3. d4 cxd4 4. Nxd4 {[%clk 0:15:42]} Nf6 {[%clk 0:15:45]} 5. Nc3
{[%clk 0:15:50]} a6 {[%clk 0:15:54]} 6. Be3 {[%clk 0:15:18]} e5 {[%clk 0:15:59]}
7. Nf3 {[%clk 0:14:37]} Be7 {[%clk 0:16:05]} 8. Bc4 {[%clk 0:14:45]} O-O
{[%clk 0:16:12]} 9. O-O {[%clk 0:14:52]} Nc6 {[%clk 0:16:08]} 10. Qe2
{[%clk 0:14:56]} Na5 {[%clk 0:16:08]} 11. Bb3 {[%clk 0:14:41]} Nxb3
{[%clk 0:15:49]} 12. cxb3 {[%clk 0:14:50]} h6 {[%clk 0:15:58]} 13. Rfd1
{[%clk 0:14:56]} Qe8 {[%clk 0:14:34]} 14. Nh4 {[%clk 0:13:52]} b5
{[%clk 0:10:49]} 15. Nf5 {[%clk 0:13:51]} Bxf5 {[%clk 0:10:58]} 16. exf5
{[%clk 0:13:59]} Qc6 {[%clk 0:09:21]} 17. Qd3 {[%clk 0:13:47]} Rfc8
{[%clk 0:08:20]} 18. h3 {[%clk 0:13:36]} Rab8 {[%clk 0:08:05]} 19. g4
{[%clk 0:12:56]} b4 {[%clk 0:07:00]} 20. Nd5 {[%clk 0:12:54]} Nxd5
{[%clk 0:06:36]} 21. Qxd5 {[%clk 0:13:02]} Qxd5 {[%clk 0:06:38]} 22. Rxd5
{[%clk 0:13:11]} Rc2 {[%clk 0:06:45]} 23. Rb1 {[%clk 0:09:24]} Rb5
{[%clk 0:05:34]} 24. Rxb5 {[%clk 0:07:22]} axb5 {[%clk 0:05:43]} 25. Rd1
{[%clk 0:07:29]} Rxb2 {[%clk 0:05:32]} 26. Rd5 {[%clk 0:07:37]} Rxa2
{[%clk 0:05:06]} 27. Rxb5 {[%clk 0:07:45]} Rb2 {[%clk 0:03:08]} 28. Rxb4
{[%clk 0:07:50]} d5 {[%clk 0:03:04]} 29. Rb5 {[%clk 0:01:46]} d4 {[%clk 0:02:58]}
30. Rxe5 {[%clk 0:01:52]} dxe3 {[%clk 0:01:34]} 31. Rxe7 {[%clk 0:02:00]} exf2+
{[%clk 0:01:43]} 32. Kg2 {[%clk 0:02:01]} Rxb3 {[%clk 0:01:52]} 33. Kxf2
{[%clk 0:02:07]} Rxh3 {[%clk 0:02:00]} 34. Kg2 {[%clk 0:02:07]} Rb3
{[%clk 0:02:08]} 35. Re8+ {[%clk 0:02:07]} Kh7 {[%clk 0:02:18]} 36. Re7
{[%clk 0:02:12]} f6 {[%clk 0:02:27]} 37. Re1 {[%clk 0:02:07]} Kg8
{[%clk 0:02:09]} 38. Rh1 {[%clk 0:01:20]} Kf7 {[%clk 0:02:11]} 39. Kf2
{[%clk 0:01:29]} Ra3 {[%clk 0:02:16]} 1/2-1/2

[Event "Russian Rapid Team Championship (m)"]
[Site "Sochi"]
[Date "2022.10.18"]
[Round "5.7"]
[White "Kukhmazov, Arsen"]
[Black "Timofeev, Artyom"]
[Result "1/2-1/2"]
[BlackElo "2560"]
[WhiteElo "2459"]
[LiveChessVersion "1.4.8"]

1. d4 {[%clk 0:15:18]} d5 {[%clk 0:15:19]} 2. c4 {[%clk 0:15:26]} e6
{[%clk 0:15:25]} 3. Nf3 {[%clk 0:15:34]} c6 {[%clk 0:15:29]} 4. g3
{[%clk 0:15:22]} Nf6 {[%clk 0:14:44]} 5. Bg2 {[%clk 0:15:28]} Nbd7
{[%clk 0:14:51]} 6. Qc2 {[%clk 0:15:20]} dxc4 {[%clk 0:14:31]} 7. Qxc4
{[%clk 0:14:19]} Bd6 {[%clk 0:14:36]} 8. O-O {[%clk 0:14:22]} O-O
{[%clk 0:14:42]} 9. Bf4 {[%clk 0:12:47]} Qe7 {[%clk 0:14:17]} 10. Bxd6
{[%clk 0:12:35]} Qxd6 {[%clk 0:14:25]} 11. Nc3 {[%clk 0:10:40]} e5
{[%clk 0:14:17]} 12. Rad1 {[%clk 0:10:32]} 1/2-1/2

[Event "Russian Rapid Team Championship (m)"]
[Site "Sochi"]
[Date "2022.10.18"]
[Round "5.8"]
[White "Faizrakhmanov, Ramil"]
[Black "Bryakin, Mikhail"]
[Result "1-0"]
[BlackElo "2369"]
[WhiteElo "2475"]
[LiveChessVersion "1.4.8"]

1. d4 {[%clk 0:15:19]} e6 {[%clk 0:15:19]} 2. c4 {[%clk 0:15:26]} b6
{[%clk 0:15:26]} 3. Nf3 {[%clk 0:15:33]} Bb7 {[%clk 0:15:33]} 4. g3
{[%clk 0:15:42]} Bb4+ {[%clk 0:15:40]} 5. Bd2 {[%clk 0:15:50]} Bxf3
{[%clk 0:15:46]} 6. exf3 {[%clk 0:15:59]} Bxd2+ {[%clk 0:15:53]} 7. Qxd2
{[%clk 0:16:04]} Nf6 {[%clk 0:15:38]} 8. Nc3 {[%clk 0:15:44]} d5 {[%clk 0:15:45]}
9. cxd5 {[%clk 0:15:33]} Nxd5 {[%clk 0:15:51]} 10. Bg2 {[%clk 0:15:24]} Nc6
{[%clk 0:15:40]} 11. f4 {[%clk 0:15:04]} Nce7 {[%clk 0:15:45]} 12. O-O
{[%clk 0:15:04]} O-O {[%clk 0:15:52]} 13. Rac1 {[%clk 0:14:30]} c6
{[%clk 0:15:52]} 14. Ne4 {[%clk 0:14:16]} Qd7 {[%clk 0:15:50]} 15. a3
{[%clk 0:14:18]} h6 {[%clk 0:15:53]} 16. Qd3 {[%clk 0:12:57]} a5 {[%clk 0:15:32]}
17. Nd2 {[%clk 0:13:00]} Rfd8 {[%clk 0:14:55]} 18. Nc4 {[%clk 0:13:01]} Qa7
{[%clk 0:14:47]} 19. Ne5 {[%clk 0:12:05]} Rac8 {[%clk 0:14:49]} 20. Rfd1
{[%clk 0:12:03]} Rc7 {[%clk 0:14:09]} 21. Rc2 {[%clk 0:11:26]} Rdc8
{[%clk 0:13:14]} 22. Rdc1 {[%clk 0:11:24]} Qb8 {[%clk 0:10:42]} 23. Rc4
{[%clk 0:11:03]} c5 {[%clk 0:09:20]} 24. dxc5 {[%clk 0:10:48]} Rxc5
{[%clk 0:09:18]} 25. Rxc5 {[%clk 0:10:15]} Rxc5 {[%clk 0:09:20]} 26. Rxc5
{[%clk 0:10:20]} bxc5 {[%clk 0:09:27]} 27. Qc2 {[%clk 0:09:39]} Qc7
{[%clk 0:09:07]} 28. Qa4 {[%clk 0:09:29]} Kf8 {[%clk 0:08:17]} 29. Qd7
{[%clk 0:09:05]} Qb6 {[%clk 0:06:21]} 30. Nc4 {[%clk 0:08:56]} Qb8
{[%clk 0:06:20]} 31. Nxa5 {[%clk 0:08:40]} g5 {[%clk 0:06:25]} 32. fxg5
{[%clk 0:08:14]} hxg5 {[%clk 0:06:31]} 33. Nb7 {[%clk 0:07:09]} Qe5
{[%clk 0:04:05]} 34. Nd6 {[%clk 0:06:09]} Qe1+ {[%clk 0:02:26]} 35. Bf1
{[%clk 0:06:18]} Kg7 {[%clk 0:02:11]} 36. Qe8 {[%clk 0:06:11]} f6
{[%clk 0:02:20]} 37. Qf7+ {[%clk 0:06:06]} Kh6 {[%clk 0:02:29]} 38. Ne8
{[%clk 0:05:57]} Qe5 {[%clk 0:01:30]} 39. g4 {[%clk 0:05:41]} 1-0

[Event "Russian Rapid Team Championship (m)"]
[Site "Sochi"]
[Date "2022.10.18"]
[Round "5.9"]
[White "Savchenko, Boris"]
[Black "Afanasiev, Nikita"]
[Result "1/2-1/2"]
[BlackElo "2535"]
[WhiteElo "2605"]
[LiveChessVersion "1.4.8"]

1. d4 {[%clk 0:15:18]} d5 {[%clk 0:15:18]} 2. c4 {[%clk 0:15:27]} dxc4
{[%clk 0:15:26]} 3. Nf3 {[%clk 0:15:35]} Nf6 {[%clk 0:15:35]} 4. e3
{[%clk 0:15:43]} e6 {[%clk 0:15:36]} 5. Bxc4 {[%clk 0:15:50]} a6 {[%clk 0:15:44]}
6. a4 {[%clk 0:15:59]} b6 {[%clk 0:15:45]} 7. O-O {[%clk 0:15:39]} Bb7
{[%clk 0:15:53]} 8. Nc3 {[%clk 0:15:21]} Bb4 {[%clk 0:16:00]} 9. Qb3
{[%clk 0:14:20]} Qe7 {[%clk 0:15:39]} 10. d5 {[%clk 0:14:01]} Bxc3
{[%clk 0:12:21]} 11. dxe6 {[%clk 0:14:09]} Bb4 {[%clk 0:12:06]} 12. exf7+
{[%clk 0:13:58]} Kf8 {[%clk 0:11:45]} 13. Ng5 {[%clk 0:13:40]} Bc8
{[%clk 0:11:36]} 14. e4 {[%clk 0:08:53]} Nc6 {[%clk 0:10:47]} 15. e5
{[%clk 0:06:52]} Nxe5 {[%clk 0:10:07]} 16. Bf4 {[%clk 0:06:50]} Nxc4
{[%clk 0:09:58]} 17. Qxc4 {[%clk 0:06:56]} h6 {[%clk 0:10:06]} 18. Nf3
{[%clk 0:06:36]} Be6 {[%clk 0:09:48]} 19. Qd3 {[%clk 0:06:28]} Rd8
{[%clk 0:06:23]} 20. Qxa6 {[%clk 0:06:33]} Nd5 {[%clk 0:04:46]} 21. Bg3
{[%clk 0:06:37]} Qxf7 {[%clk 0:04:31]} 22. Ne5 {[%clk 0:06:32]} Qe8
{[%clk 0:04:32]} 23. Rac1 {[%clk 0:05:50]} Kg8 {[%clk 0:04:02]} 24. Nc6
{[%clk 0:05:48]} Ra8 {[%clk 0:04:05]} 25. Qb7 {[%clk 0:05:54]} Qc8
{[%clk 0:03:44]} 26. Qxc8+ {[%clk 0:06:00]} Rxc8 {[%clk 0:03:40]} 27. Nxb4
{[%clk 0:06:06]} Nxb4 {[%clk 0:03:49]} 28. Bxc7 {[%clk 0:04:56]} Nd5
{[%clk 0:03:57]} 29. Be5 {[%clk 0:04:55]} Rxc1 {[%clk 0:04:00]} 30. Rxc1
{[%clk 0:05:03]} Kf7 {[%clk 0:04:09]} 31. Ra1 {[%clk 0:05:09]} Rc8
{[%clk 0:04:06]} 32. h3 {[%clk 0:05:15]} g6 {[%clk 0:04:05]} 33. a5
{[%clk 0:05:07]} Ra8 {[%clk 0:03:48]} 34. b4 {[%clk 0:05:15]} Ra6
{[%clk 0:01:20]} 35. Bd4 {[%clk 0:04:52]} Ke7 {[%clk 0:00:59]} 36. Kh2
{[%clk 0:04:20]} Kd7 {[%clk 0:01:01]} 37. axb6 {[%clk 0:03:58]} Rxa1
{[%clk 0:01:02]} 38. Bxa1 {[%clk 0:04:05]} Nxb6 {[%clk 0:01:09]} 39. g4
{[%clk 0:04:09]} Nd5 {[%clk 0:00:37]} 40. b5 {[%clk 0:03:58]} Ke7
{[%clk 0:00:40]} 41. Bd4 {[%clk 0:03:37]} Kf7 {[%clk 0:00:42]} 42. Kg3
{[%clk 0:03:43]} g5 {[%clk 0:00:45]} 43. b6 {[%clk 0:03:06]} Bc8 {[%clk 0:00:53]}
44. h4 {[%clk 0:03:13]} Kg6 {[%clk 0:00:51]} 45. hxg5 {[%clk 0:03:18]} Kxg5
{[%clk 0:00:33]} 46. f3 {[%clk 0:03:15]} Kg6 {[%clk 0:00:40]} 47. Bc5
{[%clk 0:03:16]} Bb7 {[%clk 0:00:45]} 48. f4 {[%clk 0:03:15]} Kh7
{[%clk 0:00:29]} 49. Bd4 {[%clk 0:03:16]} Kg6 {[%clk 0:00:23]} 50. Bc5
{[%clk 0:03:24]} Nf6 {[%clk 0:00:23]} 51. Kh4 {[%clk 0:03:29]} Ne4
{[%clk 0:00:27]} 52. Be3 {[%clk 0:03:34]} Bc8 {[%clk 0:00:19]} 53. Bd4
{[%clk 0:03:40]} Nd6 {[%clk 0:00:14]} 54. f5+ {[%clk 0:03:38]} Bxf5
{[%clk 0:00:12]} 55. Bc5 {[%clk 0:03:46]} 1/2-1/2

[Event "Russian Rapid Team Championship (m)"]
[Site "Sochi"]
[Date "2022.10.18"]
[Round "5.10"]
[White "Tsydypov, Zhamsaran"]
[Black "Iljiushenok, Ilia"]
[Result "0-1"]
[BlackElo "2467"]
[WhiteElo "2554"]
[LiveChessVersion "1.4.8"]

1. e4 {[%clk 0:14:50]} e5 {[%clk 0:15:19]} 2. Nf3 {[%clk 0:14:57]} Nf6
{[%clk 0:15:28]} 3. Nxe5 {[%clk 0:14:51]} d6 {[%clk 0:15:37]} 4. Nf3
{[%clk 0:15:00]} Nxe4 {[%clk 0:15:44]} 5. Nc3 {[%clk 0:15:08]} Nxc3
{[%clk 0:15:40]} 6. dxc3 {[%clk 0:15:16]} Be7 {[%clk 0:15:48]} 7. Bf4
{[%clk 0:15:02]} O-O {[%clk 0:15:33]} 8. Qd2 {[%clk 0:15:10]} Nd7
{[%clk 0:15:33]} 9. O-O-O {[%clk 0:15:09]} Re8 {[%clk 0:13:40]} 10. Nd4
{[%clk 0:13:37]} Nc5 {[%clk 0:12:08]} 11. f3 {[%clk 0:13:32]} Ne6
{[%clk 0:09:15]} 12. Nxe6 {[%clk 0:13:35]} Bxe6 {[%clk 0:09:22]} 13. Kb1
{[%clk 0:13:36]} Qd7 {[%clk 0:09:16]} 14. h4 {[%clk 0:13:43]} Qa4
{[%clk 0:08:27]} 15. b3 {[%clk 0:13:17]} Qa5 {[%clk 0:08:00]} 16. g4
{[%clk 0:13:03]} Bf6 {[%clk 0:07:04]} 17. Kb2 {[%clk 0:13:09]} b5
{[%clk 0:06:39]} 18. g5 {[%clk 0:12:53]} Be5 {[%clk 0:06:47]} 19. Bxe5
{[%clk 0:12:58]} dxe5 {[%clk 0:06:56]} 20. Bd3 {[%clk 0:11:35]} c5
{[%clk 0:05:18]} 21. h5 {[%clk 0:11:22]} c4 {[%clk 0:05:17]} 22. Bxh7+
{[%clk 0:09:43]} Kxh7 {[%clk 0:05:22]} 23. g6+ {[%clk 0:09:51]} Kg8
{[%clk 0:04:58]} 24. gxf7+ {[%clk 0:09:38]} Bxf7 {[%clk 0:04:00]} 25. Qg5
{[%clk 0:09:38]} cxb3 {[%clk 0:03:43]} 26. axb3 {[%clk 0:09:44]} Rac8
{[%clk 0:03:36]} 27. Rd3 {[%clk 0:08:36]} Rc6 {[%clk 0:02:57]} 28. Rg1
{[%clk 0:05:35]} g6 {[%clk 0:03:06]} 29. Ra1 {[%clk 0:05:02]} Qc7
{[%clk 0:03:05]} 30. Qd2 {[%clk 0:04:49]} b4 {[%clk 0:02:24]} 31. cxb4
{[%clk 0:03:54]} e4 {[%clk 0:02:33]} 32. fxe4 {[%clk 0:04:02]} Qe5+
{[%clk 0:02:40]} 33. Kb1 {[%clk 0:04:11]} a6 {[%clk 0:01:40]} 34. Rd4
{[%clk 0:03:24]} Qxh5 {[%clk 0:01:47]} 35. Kb2 {[%clk 0:03:12]} Qe5
{[%clk 0:01:41]} 36. Ra5 {[%clk 0:02:44]} Qf6 {[%clk 0:01:50]} 37. Kb1
{[%clk 0:02:37]} Rec8 {[%clk 0:01:47]} 38. c4 {[%clk 0:02:33]} Re8
{[%clk 0:01:47]} 39. Rg5 {[%clk 0:02:21]} Kg7 {[%clk 0:01:47]} 40. Rg3
{[%clk 0:02:18]} Rce6 {[%clk 0:01:49]} 41. Re3 {[%clk 0:02:17]} Qf4
{[%clk 0:01:26]} 42. Qe2 {[%clk 0:02:16]} Rh8 {[%clk 0:01:08]} 43. Rf3
{[%clk 0:01:07]} Qe5 {[%clk 0:00:47]} 44. Qe3 {[%clk 0:00:24]} Rh1+
{[%clk 0:00:48]} 45. Ka2 {[%clk 0:00:31]} Rh2+ {[%clk 0:00:48]} 46. Ka3
{[%clk 0:00:39]} Rd6 {[%clk 0:00:36]} 0-1

[Event "Russian Rapid Team Championship (m)"]
[Site "Sochi"]
[Date "2022.10.18"]
[Round "5.11"]
[White "Pridorozhni, Aleksei"]
[Black "Rozum, Ivan"]
[Result "1/2-1/2"]
[BlackElo "2540"]
[WhiteElo "2538"]
[LiveChessVersion "1.4.8"]

1. e4 {[%clk 0:15:17]} c6 {[%clk 0:15:19]} 2. d4 {[%clk 0:15:26]} d5
{[%clk 0:15:27]} 3. exd5 {[%clk 0:15:34]} cxd5 {[%clk 0:15:36]} 4. c3
{[%clk 0:15:42]} Nc6 {[%clk 0:15:33]} 5. Bf4 {[%clk 0:15:50]} Bf5
{[%clk 0:15:04]} 6. Nd2 {[%clk 0:15:56]} e6 {[%clk 0:15:12]} 7. Ngf3
{[%clk 0:15:44]} Bd6 {[%clk 0:15:16]} 8. Bxd6 {[%clk 0:15:09]} Qxd6
{[%clk 0:15:24]} 9. Nh4 {[%clk 0:15:11]} Bg6 {[%clk 0:14:56]} 10. Be2
{[%clk 0:15:05]} Nf6 {[%clk 0:14:40]} 11. O-O {[%clk 0:15:00]} Be4
{[%clk 0:13:44]} 12. Nhf3 {[%clk 0:15:02]} Bg6 {[%clk 0:13:46]} 13. Nh4
{[%clk 0:15:08]} Be4 {[%clk 0:13:54]} 14. Nhf3 {[%clk 0:15:16]} Bg6
{[%clk 0:14:03]} 15. Re1 {[%clk 0:15:00]} h6 {[%clk 0:12:53]} 16. Ne5
{[%clk 0:13:55]} Bh7 {[%clk 0:13:01]} 17. f4 {[%clk 0:13:36]} O-O
{[%clk 0:12:51]} 18. a4 {[%clk 0:13:14]} Ne4 {[%clk 0:12:26]} 19. Bd3
{[%clk 0:12:42]} Nxd2 {[%clk 0:10:22]} 20. Bxh7+ {[%clk 0:12:41]} Kxh7
{[%clk 0:10:30]} 21. Qxd2 {[%clk 0:12:50]} Kg8 {[%clk 0:10:33]} 22. a5
{[%clk 0:12:52]} Qc7 {[%clk 0:09:46]} 23. a6 {[%clk 0:12:54]} bxa6
{[%clk 0:09:14]} 24. Rxa6 {[%clk 0:12:39]} Nxe5 {[%clk 0:09:20]} 25. fxe5
{[%clk 0:12:42]} Rab8 {[%clk 0:09:28]} 26. Rea1 {[%clk 0:10:50]} Rb7
{[%clk 0:09:35]} 27. Qe2 {[%clk 0:10:47]} Rfb8 {[%clk 0:09:38]} 28. R1a2
{[%clk 0:10:43]} Qe7 {[%clk 0:09:17]} 29. Qd2 {[%clk 0:08:21]} Qg5
{[%clk 0:07:14]} 30. Qxg5 {[%clk 0:07:54]} hxg5 {[%clk 0:05:19]} 31. Rxa7
{[%clk 0:08:01]} Rxa7 {[%clk 0:05:28]} 32. Rxa7 {[%clk 0:08:10]} Rxb2
{[%clk 0:05:37]} 33. h3 {[%clk 0:08:18]} Re2 {[%clk 0:05:11]} 34. Kf1
{[%clk 0:08:09]} Rc2 {[%clk 0:03:40]} 35. Rc7 {[%clk 0:08:13]} Ra2
{[%clk 0:03:29]} 36. Kg1 {[%clk 0:08:21]} Rd2 {[%clk 0:03:03]} 37. Kh2
{[%clk 0:08:29]} Rd3 {[%clk 0:03:09]} 38. Kg1 {[%clk 0:08:37]} Rd2
{[%clk 0:03:02]} 39. Kh2 {[%clk 0:08:46]} Rf2 {[%clk 0:02:54]} 40. Kg1
{[%clk 0:08:32]} Rf4 {[%clk 0:02:52]} 41. g3 {[%clk 0:08:30]} Rf3
{[%clk 0:02:51]} 42. Kg2 {[%clk 0:08:38]} Rd3 {[%clk 0:03:00]} 43. Kf2
{[%clk 0:08:46]} g6 {[%clk 0:02:29]} 1/2-1/2

[Event "Russian Rapid Team Championship (m)"]
[Site "Sochi"]
[Date "2022.10.18"]
[Round "5.12"]
[White "Moiseenko, Vadim"]
[Black "Kabanov, Nikolai"]
[Result "1-0"]
[BlackElo "2367"]
[WhiteElo "2429"]
[LiveChessVersion "1.4.8"]

1. e4 {[%clk 0:15:18]} c6 {[%clk 0:15:17]} 2. Nf3 {[%clk 0:15:23]} d5
{[%clk 0:15:25]} 3. d3 {[%clk 0:15:31]} dxe4 {[%clk 0:15:06]} 4. dxe4
{[%clk 0:15:39]} Qxd1+ {[%clk 0:15:13]} 5. Kxd1 {[%clk 0:15:48]} Bg4
{[%clk 0:15:18]} 6. Be2 {[%clk 0:15:39]} Nd7 {[%clk 0:15:05]} 7. h3
{[%clk 0:15:15]} Bh5 {[%clk 0:14:49]} 8. Be3 {[%clk 0:13:54]} e5 {[%clk 0:14:48]}
9. Nbd2 {[%clk 0:13:53]} f6 {[%clk 0:14:50]} 10. Nc4 {[%clk 0:13:53]} Bc5
{[%clk 0:14:17]} 11. Nfd2 {[%clk 0:13:06]} Bg6 {[%clk 0:14:10]} 12. Bg4
{[%clk 0:13:03]} Bxe3 {[%clk 0:14:04]} 13. Nxe3 {[%clk 0:12:56]} Nh6
{[%clk 0:13:31]} 14. Ke2 {[%clk 0:12:38]} Nc5 {[%clk 0:13:33]} 15. f3
{[%clk 0:12:34]} Ke7 {[%clk 0:13:18]} 16. a4 {[%clk 0:12:25]} Bf7
{[%clk 0:12:19]} 17. b4 {[%clk 0:12:13]} Ne6 {[%clk 0:12:26]} 18. Bxe6
{[%clk 0:12:18]} Bxe6 {[%clk 0:12:34]} 19. a5 {[%clk 0:11:20]} Nf7
{[%clk 0:12:39]} 20. h4 {[%clk 0:11:12]} h5 {[%clk 0:12:39]} 21. g3
{[%clk 0:11:10]} Nd6 {[%clk 0:12:19]} 22. c4 {[%clk 0:10:42]} b5 {[%clk 0:10:46]}
23. c5 {[%clk 0:10:22]} Ne8 {[%clk 0:10:50]} 24. f4 {[%clk 0:10:13]} Bg4+
{[%clk 0:09:58]} 25. Nf3 {[%clk 0:09:22]} g6 {[%clk 0:09:58]} 26. Kf2
{[%clk 0:08:05]} Bxf3 {[%clk 0:10:02]} 27. Kxf3 {[%clk 0:08:13]} Ng7
{[%clk 0:09:57]} 28. f5 {[%clk 0:06:38]} gxf5 {[%clk 0:09:37]} 29. exf5
{[%clk 0:06:46]} Rad8 {[%clk 0:09:44]} 30. Rad1 {[%clk 0:06:32]} Rd4
{[%clk 0:09:51]} 31. Rxd4 {[%clk 0:06:30]} exd4 {[%clk 0:09:59]} 32. Nc2
{[%clk 0:06:38]} Nxf5 {[%clk 0:08:53]} 33. Kf4 {[%clk 0:05:45]} d3
{[%clk 0:08:57]} 34. Kxf5 {[%clk 0:04:38]} dxc2 {[%clk 0:09:05]} 35. Rc1
{[%clk 0:04:47]} Rg8 {[%clk 0:08:34]} 36. Rxc2 {[%clk 0:04:53]} Rxg3
{[%clk 0:08:42]} 37. Re2+ {[%clk 0:05:01]} Kf7 {[%clk 0:08:36]} 38. Rd2
{[%clk 0:05:10]} Rf3+ {[%clk 0:08:03]} 39. Ke4 {[%clk 0:05:19]} Rb3
{[%clk 0:08:11]} 40. Kf5 {[%clk 0:05:28]} Rf3+ {[%clk 0:06:23]} 41. Ke4
{[%clk 0:05:37]} Rh3 {[%clk 0:06:32]} 42. Kf5 {[%clk 0:05:44]} Rxh4
{[%clk 0:03:08]} 43. Rd7+ {[%clk 0:05:47]} Ke8 {[%clk 0:03:16]} 44. Rxa7
{[%clk 0:05:53]} Rxb4 {[%clk 0:03:23]} 45. a6 {[%clk 0:05:23]} Kd8
{[%clk 0:02:40]} 46. Rh7 {[%clk 0:04:50]} Ra4 {[%clk 0:02:43]} 47. a7
{[%clk 0:04:58]} Kc8 {[%clk 0:02:51]} 48. Ke6 {[%clk 0:05:05]} b4
{[%clk 0:02:15]} 49. Kd6 {[%clk 0:05:06]} b3 {[%clk 0:00:57]} 50. Rc7+
{[%clk 0:05:14]} Kd8 {[%clk 0:01:06]} 51. Rb7 {[%clk 0:05:23]} 1-0

[Event "Russian Rapid Team Championship (m)"]
[Site "Sochi"]
[Date "2022.10.18"]
[Round "5.13"]
[White "Bocharov, Dmitry"]
[Black "Vlasenko, Miroslav"]
[Result "1-0"]
[BlackElo "2312"]
[WhiteElo "2562"]
[LiveChessVersion "1.4.8"]

1. d4 {[%clk 0:15:18]} f5 {[%clk 0:15:19]} 2. Nf3 {[%clk 0:15:25]} Nf6
{[%clk 0:15:28]} 3. c4 {[%clk 0:15:34]} g6 {[%clk 0:15:37]} 4. e3
{[%clk 0:15:42]} Bg7 {[%clk 0:15:44]} 5. b4 {[%clk 0:15:50]} d6 {[%clk 0:15:48]}
6. Bb2 {[%clk 0:15:58]} O-O {[%clk 0:15:33]} 7. Be2 {[%clk 0:16:05]} c5
{[%clk 0:15:31]} 8. bxc5 {[%clk 0:15:45]} dxc5 {[%clk 0:15:39]} 9. O-O
{[%clk 0:15:53]} Qb6 {[%clk 0:14:46]} 10. Qc2 {[%clk 0:15:05]} Nc6
{[%clk 0:14:06]} 11. Nbd2 {[%clk 0:14:32]} Ne4 {[%clk 0:11:58]} 12. Nb3
{[%clk 0:14:10]} Qc7 {[%clk 0:11:09]} 13. Rfd1 {[%clk 0:12:56]} b6
{[%clk 0:10:26]} 14. dxc5 {[%clk 0:11:08]} Bxb2 {[%clk 0:09:04]} 15. Qxb2
{[%clk 0:11:15]} bxc5 {[%clk 0:08:39]} 16. Nfd2 {[%clk 0:11:14]} Nxd2
{[%clk 0:08:00]} 17. Rxd2 {[%clk 0:11:21]} Rb8 {[%clk 0:07:32]} 18. Qc3
{[%clk 0:10:26]} f4 {[%clk 0:06:11]} 19. Rad1 {[%clk 0:09:17]} Rf5
{[%clk 0:04:07]} 20. Rd5 {[%clk 0:08:26]} Be6 {[%clk 0:03:26]} 21. Rxf5
{[%clk 0:07:14]} Bxf5 {[%clk 0:03:35]} 22. Nxc5 {[%clk 0:06:12]} Nb4
{[%clk 0:03:25]} 23. a3 {[%clk 0:04:02]} Qxc5 {[%clk 0:02:56]} 24. axb4
{[%clk 0:04:10]} Qxb4 {[%clk 0:02:48]} 25. Qe5 {[%clk 0:03:52]} Bc2
{[%clk 0:01:28]} 26. Ra1 {[%clk 0:02:37]} fxe3 {[%clk 0:01:19]} 27. Qxe3
{[%clk 0:02:41]} a5 {[%clk 0:01:19]} 28. h4 {[%clk 0:02:32]} a4 {[%clk 0:01:19]}
29. Bf3 {[%clk 0:02:23]} Qd6 {[%clk 0:01:02]} 30. Rc1 {[%clk 0:01:16]} Bb3
{[%clk 0:01:04]} 31. c5 {[%clk 0:01:12]} Qe6 {[%clk 0:01:01]} 32. Qf4
{[%clk 0:01:03]} Rf8 {[%clk 0:01:10]} 33. Qb4 {[%clk 0:01:11]} Qe5
{[%clk 0:00:31]} 34. c6 {[%clk 0:01:01]} Rf4 {[%clk 0:00:40]} 35. Qd2
{[%clk 0:00:41]} Rd4 {[%clk 0:00:31]} 36. Qe3 {[%clk 0:00:45]} Qxe3
{[%clk 0:00:31]} 37. fxe3 {[%clk 0:00:53]} Rc4 {[%clk 0:00:41]} 38. Bd5+
{[%clk 0:01:01]} 1-0